000 00634nam a2200205 a 4500
003 PILC
005 20160215065950.0
008 100806s19uu xx 00 eng d
020 _a9780415472289
050 _aBF 637.P36
_b.T464 2010
100 _aThornton, Christine.
245 _aGroup and team coaching :
_bthe essential guide /
_cChristine Thornton.
260 _aLondon :
_bRoutledge,
_c2010.
300 _a273 pages :
_c18 cm.
_billustrations ;
500 _aIncludes bibliographical references and indexes.
650 _aPersonal coaching.
650 _aTeam in the workplace.
942 _cBK
_2lcc
_kFOR
999 _c39646
_d39646